000 00253nam a2200109Ia 4500
008 190216s9999||||xx |||||||||||||| ||und||
100 _aUniversity Of Travancore
245 0 _aTerms Of Botany
260 _bDept Of Physics
650 _aBotany
942 _cBK
999 _c1094
_d1094